[Event "I Torneo Kuña Arandu 2012 Grupo B"]
[Site "Asunción PAR"]
[Date "2012.06.10"]
[Round "5.5"]
[White "Fernandez, Maria Florencia"]
[Black "Perez, Dalila"]
[Result "1-0"]
[WhiteElo "2150"]
[BlackElo "1739"]
[PlyCount "49"]
[EventDate "2012.06.05"]
[EventType "tourn"]
[EventRounds "9"]
[EventCountry "PAR"]
[Source "lmi"]
[SourceDate "2012.06.05"]

1. d4 d5 2. c4 c6 3. Nc3 Bf5 4. Qb3 Qb6 5. Qxb6 axb6 6. cxd5 Nf6 7. dxc6 Nxc6
8. Be3 e6 9. Nf3 Be7 10. Bd2 Nb4 11. Rc1 O-O 12. a3 Nc2+ 13. Kd1 Ng4 14. e4
Nxf2+ 15. Kxc2 Nxh1 16. exf5 Nf2 17. fxe6 Rac8 18. exf7+ Rxf7 19. Kb3 Kh8 20.
Bc4 Rff8 21. Rf1 Ng4 22. Be6 Nxh2 23. Nxh2 Rxf1 24. Nxf1 Rf8 25. Ne3 1-0

[Event "I Torneo Kuña Arandu 2012 Grupo B"]
[Site "Asunción PAR"]
[Date "2012.06.11"]
[Round "6.1"]
[White "Colombo, Camila"]
[Black "Perez, Dalila"]
[Result "1/2-1/2"]
[WhiteElo "2056"]
[BlackElo "1739"]
[PlyCount "70"]
[EventDate "2012.06.05"]
[EventType "tourn"]
[EventRounds "9"]
[EventCountry "PAR"]
[Source "lmi"]
[SourceDate "2012.06.05"]

1. d4 d5 2. c4 c6 3. Nf3 Nf6 4. Nc3 Bf5 5. cxd5 cxd5 6. Qb3 Qb6 7. Qxb6 axb6 8.
e3 Nc6 9. Bb5 e6 10. Ne5 Rc8 11. O-O Bd6 12. Na4 Bxe5 13. dxe5 Nd7 14. f4 Rg8
15. Bd2 f6 16. exf6 gxf6 17. Rac1 h5 18. Be1 Kf7 19. Be2 Rh8 20. Bh4 Rh7 21.
Rfd1 Rg8 22. Bf3 Ke7 23. Rd2 Rhg7 24. Rcd1 Bg4 25. Kf2 Bxf3 26. Kxf3 Nde5+ 27.
fxe5 Nxe5+ 28. Ke2 Rxg2+ 29. Bf2 Rxh2 30. Nxb6 Rgg2 31. Rf1 Ng4 32. Ke1 Ne5 33.
Kd1 Ng4 34. Ke1 Ne5 35. Kd1 Ng4 1/2-1/2

[Event "I Torneo Kuña Arandu 2012 Grupo B"]
[Site "Asunción PAR"]
[Date "2012.06.11"]
[Round "6.2"]
[White "Cordero, Daniela"]
[Black "Fernandez, Maria Florencia"]
[Result "0-1"]
[WhiteElo "2090"]
[BlackElo "2150"]
[PlyCount "66"]
[EventDate "2012.06.05"]
[EventType "tourn"]
[EventRounds "9"]
[EventCountry "PAR"]
[Source "lmi"]
[SourceDate "2012.06.05"]

1. d4 Nf6 2. Nf3 g6 3. Bg5 Bg7 4. Nbd2 d5 5. c3 O-O 6. e3 Re8 7. Be2 Nbd7 8. b4
e5 9. O-O h6 10. Bh4 e4 11. Ne1 g5 12. Bg3 Nh7 13. c4 f5 14. Rc1 Rf8 15. f4
Ndf6 16. Nb3 Kh8 17. Qd2 Rg8 18. cxd5 Nxd5 19. Bc4 Nhf6 20. fxg5 hxg5 21. Qe2
f4 22. exf4 Bg4 23. Qb2 gxf4 24. Bxd5 Nxd5 25. Bxf4 Rf8 26. Be5 Rxf1+ 27. Kxf1
Qg5 28. Nc2 Rf8+ 29. Kg1 Bxe5 30. dxe5 Bh3 31. g3 Qf5 32. e6+ Kg8 33. Ne3 Nxe3
0-1

[Event "I Torneo Kuña Arandu 2012 Grupo B"]
[Site "Asunción PAR"]
[Date "2012.06.11"]
[Round "6.3"]
[White "Munoz, Carolina"]
[Black "Chumpitaz, Ann"]
[Result "1/2-1/2"]
[WhiteElo "1994"]
[BlackElo "2220"]
[PlyCount "82"]
[EventDate "2012.06.05"]
[EventType "tourn"]
[EventRounds "9"]
[EventCountry "PAR"]
[Source "lmi"]
[SourceDate "2012.06.05"]

1. e4 e5 2. d4 exd4 3. Nf3 Nc6 4. Nxd4 Nf6 5. Nxc6 bxc6 6. e5 Qe7 7. Qe2 Nd5 8.
g3 g6 9. Bg2 Bg7 10. O-O O-O 11. f4 f6 12. e6 dxe6 13. c4 Ba6 14. Na3 Qc5+ 15.
Qf2 Qxf2+ 16. Rxf2 Ne7 17. Be3 Kf7 18. Rd1 Bc8 19. Nb5 a5 20. Nxc7 Rb8 21. Bc5
Rb7 22. Na8 f5 23. Nb6 e5 24. fxe5 Bxe5 25. Rfd2 Bf6 26. b3 Be6 27. Nd7 Bxd7
28. Rxd7 Rxd7 29. Rxd7 Rc8 30. Kf2 g5 31. Ke2 Ke6 32. Rd6+ Ke5 33. Rd3 Ke6 34.
Rd6+ Ke5 35. Rd7 Re8 36. Rd3 Ke6 37. Bxe7 Rxe7 38. Bxc6 Bb2 39. Re3+ Kd6 40.
Rxe7 Kxe7 41. Ke3 Kd6 1/2-1/2

[Event "I Torneo Kuña Arandu 2012 Grupo B"]
[Site "Asunción PAR"]
[Date "2012.06.11"]
[Round "6.4"]
[White "Borda, Carla"]
[Black "Martinez, Ayelen"]
[Result "0-1"]
[WhiteElo "1982"]
[BlackElo "2107"]
[PlyCount "120"]
[EventDate "2012.06.05"]
[EventType "tourn"]
[EventRounds "9"]
[EventCountry "PAR"]
[Source "lmi"]
[SourceDate "2012.06.05"]

1. e4 c5 2. Nf3 d6 3. d4 cxd4 4. Nxd4 Nf6 5. Nc3 a6 6. g3 e5 7. Nb3 Be7 8. Bg2
O-O 9. O-O Qc7 10. a4 b6 11. Re1 Nc6 12. h3 Nb4 13. Re2 Be6 14. Bg5 Rac8 15.
Rd2 Rfd8 16. f4 h6 17. Bxf6 Bxf6 18. f5 Bc4 19. h4 Qd7 20. Kh2 Rc7 21. Bf1 Qe7
22. Bxc4 Rxc4 23. Nc1 d5 24. Qe2 Rd4 25. Rxd4 exd4 26. Nxd5 Nxd5 27. exd5 Qd6
28. Nd3 Bxh4 29. Nf4 Bg5 30. Rf1 Rc8 31. Qd3 Bxf4 32. Rxf4 Qxd5 33. Rxd4 Rxc2+
34. Qxc2 Qxd4 35. b3 a5 36. Qc8+ Kh7 37. Qc2 Qf6 38. Kh3 h5 39. Qe4 g6 40.
fxg6+ fxg6 41. Kg2 Qd6 42. Qc2 Kh6 43. Qc3 Qd5+ 44. Kh2 Qd6 45. Qh8+ Kg5 46.
Qc3 h4 47. Qe3+ Kf6 48. Qf3+ Kg7 49. Qc3+ Kh7 50. Kh1 Qxg3 51. Qc2 h3 52. Qe2
Qg2+ 53. Qxg2 hxg2+ 54. Kxg2 Kg7 55. Kf3 Kf6 56. Ke4 Ke6 57. Kd4 Kd6 58. Kc4
Kc6 59. b4 axb4 60. Kxb4 g5 0-1

[Event "I Torneo Kuña Arandu 2012 Grupo B"]
[Site "Asunción PAR"]
[Date "2012.06.11"]
[Round "6.5"]
[White "Heredia Serrano, Carla"]
[Black "Chang, Suzana"]
[Result "1/2-1/2"]
[WhiteElo "2167"]
[BlackElo "2013"]
[PlyCount "41"]
[EventDate "2012.06.05"]
[EventType "tourn"]
[EventRounds "9"]
[EventCountry "PAR"]
[Source "lmi"]
[SourceDate "2012.06.05"]

1. e4 e5 2. Nf3 Nc6 3. Bc4 Bc5 4. c3 Nf6 5. d4 exd4 6. O-O Nxe4 7. cxd4 d5 8.
dxc5 dxc4 9. Qxd8+ Kxd8 10. Rd1+ Bd7 11. Be3 Kc8 12. Rc1 Be6 13. Na3 c3 14.
bxc3 Rd8 15. Bd4 b6 16. Bxg7 Nxc5 17. Bd4 Nd3 18. Rd1 Nf4 19. Be3 Nd5 20. Re1
Nxe3 21. Rxe3 1/2-1/2

[Event "I Torneo Kuña Arandu 2012 Grupo B"]
[Site "Asunción PAR"]
[Date "2012.06.11"]
[Round "7.1"]
[White "Chang, Suzana"]
[Black "Colombo, Camila"]
[Result "1-0"]
[WhiteElo "2013"]
[BlackElo "2056"]
[PlyCount "105"]
[EventDate "2012.06.05"]
[EventType "tourn"]
[EventRounds "9"]
[EventCountry "PAR"]
[Source "lmi"]
[SourceDate "2012.06.05"]

1. e4 c5 2. Nf3 Nc6 3. Bb5 g6 4. O-O Bg7 5. Re1 e5 6. Bxc6 dxc6 7. h3 Qe7 8. d3
Nf6 9. Nbd2 O-O 10. a3 Rd8 11. b4 Nd7 12. Rb1 b6 13. Bb2 f6 14. Bc3 cxb4 15.
axb4 a6 16. Nc4 Rb8 17. Bd2 Nf8 18. Be3 Qc7 19. c3 Be6 20. Qc2 Bxc4 21. dxc4
Ne6 22. Qa2 Qf7 23. Red1 Rdc8 24. Qxa6 Ra8 25. Qxb6 Nd4 26. Bxd4 exd4 27. Qxd4
Bf8 28. c5 Ra7 29. Ra1 Rac7 30. Qd2 Qe8 31. Qa2+ Kh8 32. Rd4 Re7 33. Nd2 f5 34.
exf5 Bg7 35. Rd3 gxf5 36. Nf3 Bh6 37. Qc4 Re4 38. Qa6 Bf4 39. Qb7 Re7 40. Qa6
Bb8 41. Rdd1 Rg7 42. Re1 Qg8 43. Qf1 Qd5 44. Re3 Rcg8 45. Nh4 Qd8 46. Nxf5
Rxg2+ 47. Qxg2 Rxg2+ 48. Kxg2 Qd5+ 49. Rf3 Qg8+ 50. Kf1 Bh2 51. Ra7 Be5 52. Nd6
Qd5 53. Rf8+ 1-0

[Event "I Torneo Kuña Arandu 2012 Grupo B"]
[Site "Asunción PAR"]
[Date "2012.06.11"]
[Round "7.2"]
[White "Martinez, Ayelen"]
[Black "Heredia Serrano, Carla"]
[Result "0-1"]
[WhiteElo "2107"]
[BlackElo "2167"]
[PlyCount "76"]
[EventDate "2012.06.05"]
[EventType "tourn"]
[EventRounds "9"]
[EventCountry "PAR"]
[Source "lmi"]
[SourceDate "2012.06.05"]

1. d4 d5 2. c4 c6 3. Nf3 Nf6 4. e3 Bf5 5. Nc3 e6 6. Nh4 Be4 7. f3 Bg6 8. Nxg6
hxg6 9. Qb3 Qc7 10. f4 Nbd7 11. c5 Ng4 12. h3 Be7 13. g3 b6 14. cxb6 axb6 15.
Bd2 Nh6 16. Rc1 Nf5 17. Kf2 Kf8 18. Bg2 Qb7 19. Ne2 c5 20. g4 Nh4 21. Bf1 c4
22. Qb5 Rxa2 23. Bb4 Nf6 24. Bxe7+ Qxe7 25. Nc3 Ra7 26. Be2 Kg8 27. Ra1 Kh7 28.
Kg3 g5 29. Bxc4 gxf4+ 30. exf4 dxc4 31. Rxa7 Qxa7 32. Kxh4 Qb7 33. d5 exd5 34.
g5 d4 35. Kg3 Nh5+ 36. Kh2 dxc3 37. f5 Qc7+ 38. Kg2 Qg3+ 0-1

[Event "I Torneo Kuña Arandu 2012 Grupo B"]
[Site "Asunción PAR"]
[Date "2012.06.11"]
[Round "7.4"]
[White "Fernandez, Maria Florencia"]
[Black "Munoz, Carolina"]
[Result "1/2-1/2"]
[WhiteElo "2150"]
[BlackElo "1994"]
[PlyCount "62"]
[EventDate "2012.06.05"]
[EventType "tourn"]
[EventRounds "9"]
[EventCountry "PAR"]
[Source "lmi"]
[SourceDate "2012.06.05"]

1. d4 d5 2. c4 c6 3. Nf3 Nf6 4. Nc3 dxc4 5. a4 Bf5 6. e3 e6 7. Bxc4 Bb4 8. O-O
Nbd7 9. Re1 O-O 10. Qb3 a5 11. Nh4 Bg4 12. Be2 e5 13. Bxg4 Nxg4 14. g3 Qf6 15.
Qc2 Rfe8 16. Rd1 g5 17. Qf5 Nxf2 18. Rf1 gxh4 19. Qxd7 Re7 20. Nd5 cxd5 21.
Qxd5 hxg3 22. hxg3 Nh3+ 23. Kg2 Nf4+ 24. exf4 exd4 25. Rd1 Rae8 26. Rxd4 Re2+
27. Kf3 Qh6 28. Qg5+ Qxg5 29. fxg5 Re1 30. Rc4 Be7 31. Ra2 f6 1/2-1/2

[Event "I Torneo Kuña Arandu 2012 Grupo B"]
[Site "Asunción PAR"]
[Date "2012.06.11"]
[Round "7.5"]
[White "Perez, Dalila"]
[Black "Cordero, Daniela"]
[Result "1/2-1/2"]
[WhiteElo "1739"]
[BlackElo "2090"]
[PlyCount "68"]
[EventDate "2012.06.05"]
[EventType "tourn"]
[EventRounds "9"]
[EventCountry "PAR"]
[Source "lmi"]
[SourceDate "2012.06.05"]

1. d4 e6 2. c4 Nf6 3. Nc3 Bb4 4. Bg5 d5 5. e3 O-O 6. Nf3 c6 7. Rc1 Nbd7 8. a3
Be7 9. cxd5 exd5 10. Bd3 Re8 11. O-O Nf8 12. h3 Ne6 13. Bh4 Nh5 14. Bxe7 Qxe7
15. Ne5 Nf6 16. Ne2 c5 17. dxc5 Nxc5 18. Bb5 Rd8 19. Nc3 Be6 20. Ne2 Nce4 21.
Nd4 a6 22. Bd3 Rd7 23. Qe2 Kh8 24. Rc2 g5 25. Nxe6 fxe6 26. Rfc1 Nd6 27. f4 Rg8
28. Nf3 g4 29. hxg4 Nxg4 30. Ng5 Nf6 31. Nf3 Qg7 32. Rf1 Nde4 33. Ne5 Re7 34.
Rf3 Rc7 1/2-1/2

[Event "I Torneo Kuña Arandu 2012 Grupo B"]
[Site "Asunción PAR"]
[Date "2012.06.12"]
[Round "8.1"]
[White "Colombo, Camila"]
[Black "Cordero, Daniela"]
[Result "1/2-1/2"]
[WhiteElo "2056"]
[BlackElo "2090"]
[PlyCount "138"]
[EventDate "2012.06.05"]
[EventType "tourn"]
[EventRounds "9"]
[EventCountry "PAR"]
[Source "lmi"]
[SourceDate "2012.06.05"]

1. d4 d6 2. c4 e5 3. d5 f5 4. Nc3 Nf6 5. Nf3 Be7 6. Qc2 O-O 7. e4 f4 8. Be2 Na6
9. g3 Bg4 10. gxf4 exf4 11. Nd4 Qd7 12. f3 Bh3 13. Bf1 Nb4 14. Qe2 Nh5 15. a3
Bh4+ 16. Kd2 Na6 17. Kc2 Bxf1 18. Rxf1 Bf6 19. Ne6 Rf7 20. Bd2 c6 21. Qg2 Be5
22. Rg1 Rc8 23. b3 cxd5 24. exd5 b5 25. Rac1 bxc4 26. b4 Nc7 27. Qg5 Nf6 28.
Bxf4 Nxe6 29. dxe6 Qxe6 30. Rce1 Nd7 31. Bxe5 dxe5 32. Ne4 Qc6 33. Re3 Qa4+ 34.
Kb2 c3+ 35. Rxc3 Rxc3 36. Nxc3 Qc6 37. Ne4 Qb6 38. Rd1 a5 39. Rd6 Qc7 40. Qd2
axb4 41. axb4 Nb6 42. Kb1 Rxf3 43. Qa2+ Nc4 44. Qa8+ Rf8 45. Qd5+ Kh8 46. Rc6
Na3+ 47. Kb2 Qa7 48. Rc5 Rb8 49. Kb3 Nb1 50. Ra5 Qe3+ 51. Kc2 Na3+ 52. Kd1 h6
53. Rc5 Qd4+ 54. Qxd4 exd4 55. Ra5 Nc4 56. Ra7 Rxb4 57. Nc5 Rb2 58. Rd7 Ne3+
59. Ke1 Rxh2 60. Ne6 Rg2 61. Nf4 Ra2 62. Ne6 Kh7 63. Rxg7+ Kh8 64. Rd7 Nf5 65.
Nxd4 Nxd4 66. Rxd4 Kg7 67. Kf1 Kg6 68. Rd5 h5 69. Kg1 Re2 1/2-1/2

[Event "I Torneo Kuña Arandu 2012 Grupo B"]
[Site "Asunción PAR"]
[Date "2012.06.12"]
[Round "8.2"]
[White "Munoz, Carolina"]
[Black "Perez, Dalila"]
[Result "1/2-1/2"]
[WhiteElo "1994"]
[BlackElo "1739"]
[PlyCount "117"]
[EventDate "2012.06.05"]
[EventType "tourn"]
[EventRounds "9"]
[EventCountry "PAR"]
[Source "lmi"]
[SourceDate "2012.06.05"]

1. e4 e6 2. d3 d5 3. Nd2 Nf6 4. g3 c5 5. Bg2 Nc6 6. Ngf3 Be7 7. O-O O-O 8. e5
Nd7 9. Re1 Qc7 10. Qe2 b6 11. Nf1 Bb7 12. h4 h6 13. Bf4 Rae8 14. c3 Qc8 15.
N1h2 f6 16. exf6 Bxf6 17. Bd6 Rf7 18. Bh3 Nd8 19. Ng4 Qc6 20. Nxf6+ Rxf6 21.
Be5 Nxe5 22. Nxe5 Qc7 23. d4 Ref8 24. f4 Bc8 25. Kh2 Nc6 26. Qd2 Qd6 27. Nxc6
Qxc6 28. Re5 Bd7 29. Rae1 cxd4 30. cxd4 Rc8 31. R5e2 Kf7 32. Re3 Qc2 33. Qxc2
Rxc2+ 34. R1e2 Rxe2+ 35. Rxe2 Ke7 36. Kg2 Kd6 37. Kf3 Rf8 38. Rc2 Rc8 39. Rxc8
Bxc8 40. h5 a5 41. Ke3 Ba6 42. b3 a4 43. bxa4 Bc4 44. a3 Bb3 45. Bg4 Bxa4 46.
Kd2 Bb5 47. Kc3 Bc4 48. Kb4 b5 49. a4 bxa4 50. Kxa4 Bd3 51. Kb4 Be4 52. Kc3 Bb1
53. Kd2 Be4 54. Ke3 Bc2 55. Bf3 Kc6 56. g4 Kb5 57. f5 exf5 58. gxf5 Kc4 59. Bg4
1/2-1/2

[Event "I Torneo Kuña Arandu 2012 Grupo B"]
[Site "Asunción PAR"]
[Date "2012.06.12"]
[Round "8.3"]
[White "Borda, Carla"]
[Black "Fernandez, Maria Florencia"]
[Result "1-0"]
[WhiteElo "1982"]
[BlackElo "2150"]
[PlyCount "63"]
[EventDate "2012.06.05"]
[EventType "tourn"]
[EventRounds "9"]
[EventCountry "PAR"]
[Source "lmi"]
[SourceDate "2012.06.05"]

1. e4 c5 2. Nf3 d6 3. d4 cxd4 4. Nxd4 Nf6 5. Nc3 g6 6. g3 Nc6 7. Bg2 Bd7 8.
Nde2 Bg7 9. Bd2 Rb8 10. Qc1 O-O 11. Bh6 b5 12. Bxg7 Kxg7 13. O-O Ne5 14. Nd5
Nxd5 15. exd5 Qb6 16. Qd2 Rfc8 17. Rfc1 Bg4 18. Nd4 b4 19. b3 Rc3 20. a3 a5 21.
axb4 axb4 22. h3 Bxh3 23. Bxh3 Qxd4 24. Qxd4 f6 25. Kg2 Rb7 26. Be6 Nf3 27. Qg4
Ne5 28. Qe2 f5 29. Ra8 Ng4 30. Rg8+ Kf6 31. Qd2 Rbc7 32. Qd4+ 1-0

[Event "I Torneo Kuña Arandu 2012 Grupo B"]
[Site "Asunción PAR"]
[Date "2012.06.12"]
[Round "8.4"]
[White "Heredia Serrano, Carla"]
[Black "Chumpitaz, Ann"]
[Result "1/2-1/2"]
[WhiteElo "2167"]
[BlackElo "2220"]
[PlyCount "57"]
[EventDate "2012.06.05"]
[EventType "tourn"]
[EventRounds "9"]
[EventCountry "PAR"]
[Source "lmi"]
[SourceDate "2012.06.05"]

1. e4 e5 2. Nf3 Nc6 3. Nc3 Nf6 4. Bb5 d6 5. d4 exd4 6. Nxd4 Bd7 7. O-O Nxd4 8.
Bxd7+ Qxd7 9. Qxd4 Be7 10. b3 O-O 11. Bb2 Qg4 12. Rfe1 Rfd8 13. Nd5 Nxd5 14.
exd5 Qxd4 15. Bxd4 Bf8 16. c4 a6 17. f4 f5 18. Kf2 Re8 19. Rxe8 Rxe8 20. Re1
Rxe1 21. Kxe1 Kf7 22. b4 b6 23. Ke2 Be7 24. a4 Bf6 25. Kd3 Bxd4 26. Kxd4 Ke7
27. h3 g6 28. Ke3 Ke8 29. Kf3 1/2-1/2

[Event "I Torneo Kuña Arandu 2012 Grupo B"]
[Site "Asunción PAR"]
[Date "2012.06.12"]
[Round "8.5"]
[White "Chang, Suzana"]
[Black "Martinez, Ayelen"]
[Result "1-0"]
[WhiteElo "2013"]
[BlackElo "2107"]
[PlyCount "103"]
[EventDate "2012.06.05"]
[EventType "tourn"]
[EventRounds "9"]
[EventCountry "PAR"]
[Source "lmi"]
[SourceDate "2012.06.05"]

1. e4 c5 2. Nf3 e6 3. d3 Nc6 4. g3 g6 5. d4 cxd4 6. Nxd4 Bg7 7. Nb5 Be5 8. N1c3
a6 9. Nd6+ Ke7 10. Nxc8+ Rxc8 11. Bg2 f6 12. Ne2 Kf7 13. O-O Nge7 14. Nf4 Bd4
15. c3 Ba7 16. Qe2 Ne5 17. Be3 Bxe3 18. Qxe3 Nc4 19. Qe2 Qb6 20. b3 Ne5 21. c4
N7c6 22. Rad1 Rhd8 23. Kh1 Qc5 24. Rd2 b5 25. cxb5 Nd4 26. Qd1 Nxb5 27. Ne2 Rc7
28. h3 Nc3 29. Nxc3 Qxc3 30. f4 Nc6 31. Rf3 Qc5 32. Rc2 Qe7 33. Rfc3 Rdc8 34.
h4 h5 35. f5 exf5 36. exf5 Qe5 37. fxg6+ Kg7 38. Qd5 Qxd5 39. Bxd5 Kxg6 40. Kg2
f5 41. Kf2 Kf6 42. Bf3 Ke5 43. Rc5+ Ke6 44. Bxh5 d6 45. R5c3 d5 46. Bf3 Kd6 47.
Rc5 Ne7 48. Rxc7 Rxc7 49. Rxc7 Kxc7 50. b4 Kb6 51. Ke3 Kb5 52. Kd4 1-0

[Event "I Torneo Kuña Arandu 2012 Grupo B"]
[Site "Asunción PAR"]
[Date "2012.06.13"]
[Round "9.2"]
[White "Chumpitaz, Ann"]
[Black "Chang, Suzana"]
[Result "1-0"]
[WhiteElo "2220"]
[BlackElo "2013"]
[PlyCount "109"]
[EventDate "2012.06.05"]
[EventType "tourn"]
[EventRounds "9"]
[EventCountry "PAR"]
[Source "lmi"]
[SourceDate "2012.06.05"]

1. d4 Nf6 2. c4 g6 3. Nc3 Bg7 4. e4 d6 5. Nf3 O-O 6. Be2 Na6 7. O-O e5 8. dxe5
dxe5 9. Bg5 Qxd1 10. Raxd1 c6 11. Nxe5 Nxe4 12. Nxe4 Bxe5 13. Be7 Re8 14. Nf6+
Bxf6 15. Bxf6 Be6 16. b3 Nc5 17. Bf3 Nd7 18. Bd4 f6 19. Rfe1 Kf7 20. g4 a6 21.
Kg2 Rad8 22. Kg3 Nf8 23. a4 Bc8 24. Be3 Nd7 25. Be2 Ne5 26. Bb6 Rxd1 27. Rxd1
Nd7 28. Be3 Nf8 29. b4 Be6 30. b5 axb5 31. axb5 Ra8 32. Rd6 Rc8 33. Bf3 Bxc4
34. bxc6 bxc6 35. Bxc6 Be6 36. h4 Rb8 37. f3 Rb3 38. Bh6 Rb8 39. Ba4 Ra8 40.
Rd4 Rc8 41. Bf4 Rc4 42. Rxc4 Bxc4 43. Bd6 Ne6 44. f4 Bd5 45. Bc2 Nd4 46. Bd3 f5
47. Bc5 Ne6 48. gxf5 Nxc5 49. fxg6+ hxg6 50. Bc2 Ne4+ 51. Kf3 Nd6+ 52. Kg4 Nc4
53. Ba4 Nd6 54. Kg5 Ne4+ 55. Kh6 1-0

[Event "I Torneo Kuña Arandu 2012 Grupo B"]
[Site "Asunción PAR"]
[Date "2012.06.13"]
[Round "9.3"]
[White "Fernandez, Maria Florencia"]
[Black "Heredia Serrano, Carla"]
[Result "1/2-1/2"]
[WhiteElo "2150"]
[BlackElo "2167"]
[PlyCount "163"]
[EventDate "2012.06.05"]
[EventType "tourn"]
[EventRounds "9"]
[EventCountry "PAR"]
[Source "lmi"]
[SourceDate "2012.06.05"]

1. d4 d5 2. c4 c6 3. Nf3 Nf6 4. Nc3 dxc4 5. e4 b5 6. e5 Nd5 7. a4 e6 8. Ng5 h6
9. Nge4 b4 10. Nb1 Qh4 11. Qf3 Ba6 12. g3 Qd8 13. Nbd2 c3 14. bxc3 Bxf1 15.
Kxf1 Nxc3 16. Nxc3 bxc3 17. Qxc3 Qd5 18. f3 c5 19. dxc5 Bxc5 20. Ne4 Nd7 21.
Ba3 Bxa3 22. Qxa3 Nxe5 23. Kg2 Qd3 24. Nd6+ Ke7 25. Ne4+ Qxa3 26. Rxa3 Rac8 27.
Rf1 Rhd8 28. Rf2 Nc4 29. Rb3 f5 30. Nc3 Kf6 31. Nb5 a6 32. Na3 Nxa3 33. Rxa3
Rc4 34. Re2 Rd6 35. Kf2 Rdc6 36. Raa2 Rb6 37. Ra3 a5 38. Kg2 Rbb4 39. Rae3 Rc6
40. Ra3 Rbc4 41. Raa2 g5 42. Kf2 Rc3 43. Reb2 Rd3 44. Rb5 Rcc3 45. Rxa5 Rxf3+
46. Kg2 Ra3 47. Re2 Rfe3 48. Rxe3 Rxe3 49. Ra8 g4 50. a5 Re2+ 51. Kg1 Ke5 52.
a6 Ra2 53. a7 Ke4 54. Re8 Rxa7 55. Rxe6+ Kf3 56. Re1 Ra3 57. Rf1+ Ke4 58. Rf4+
Ke5 59. Rf1 Ra2 60. Rf4 h5 61. Rf1 Re2 62. Ra1 Rd2 63. Rf1 Rd4 64. Kg2 f4 65.
gxf4+ Rxf4 66. Re1+ Kf5 67. Ra1 Kg5 68. Ra5+ Rf5 69. Ra2 h4 70. Ra1 Rc5 71. Kh1
Rc2 72. Kg1 Re2 73. Rf1 h3 74. Kh1 Kh5 75. Rb1 Rf2 76. Kg1 Rf5 77. Rb4 Rd5 78.
Rb1 Kg5 79. Ra1 Kf4 80. Ra4+ Ke3 81. Ra3+ Kd2 82. Ra2+ 1/2-1/2

[Event "I Torneo Kuña Arandu 2012 Grupo B"]
[Site "Asunción PAR"]
[Date "2012.06.13"]
[Round "9.4"]
[White "Perez, Dalila"]
[Black "Borda, Carla"]
[Result "1/2-1/2"]
[WhiteElo "1739"]
[BlackElo "1982"]
[PlyCount "49"]
[EventDate "2012.06.05"]
[EventType "tourn"]
[EventRounds "9"]
[EventCountry "PAR"]
[Source "lmi"]
[SourceDate "2012.06.05"]

1. d4 Nf6 2. c4 d6 3. Nf3 Nbd7 4. Bf4 c6 5. Nc3 Qa5 6. a3 e5 7. dxe5 dxe5 8.
Bd2 Qc7 9. e4 a5 10. Be2 Nc5 11. Qc2 a4 12. Rd1 Bg4 13. O-O Ne6 14. Be3 Bxf3
15. Bxf3 Qa5 16. Ne2 Bc5 17. Ng3 Bxe3 18. fxe3 Qc5 19. Nf5 O-O 20. Qe2 Rad8 21.
h3 Ng5 22. Ng3 Ne6 23. Nf5 Ng5 24. Ng3 Ne6 25. Nf5 1/2-1/2

[Event "I Torneo Kuña Arandu 2012 Grupo B"]
[Site "Asunción PAR"]
[Date "2012.06.13"]
[Round "9.5"]
[White "Cordero, Daniela"]
[Black "Munoz, Carolina"]
[Result "1-0"]
[WhiteElo "2090"]
[BlackElo "1994"]
[PlyCount "119"]
[EventDate "2012.06.05"]
[EventType "tourn"]
[EventRounds "9"]
[EventCountry "PAR"]
[Source "lmi"]
[SourceDate "2012.06.05"]

1. d4 d5 2. Nf3 Nf6 3. c4 c6 4. Qc2 dxc4 5. Qxc4 Bf5 6. g3 e6 7. Bg2 Nbd7 8.
O-O Be7 9. Qb3 Qb6 10. Nbd2 h6 11. Re1 Ne4 12. Qxb6 Nxb6 13. a3 Rd8 14. Nb3 Nc4
15. e3 O-O 16. Bf1 Ncd6 17. Nfd2 Rc8 18. f3 Nxd2 19. Bxd2 Bc2 20. Nc5 b6 21.
Rac1 bxc5 22. dxc5 Ba4 23. cxd6 Bxd6 24. Bc3 Bb5 25. e4 Bc5+ 26. Kg2 Bb6 27. b3
Rfd8 28. Rcd1 Bxf1+ 29. Kxf1 Kf8 30. Ke2 f6 31. b4 c5 32. Rxd8+ Rxd8 33. b5 a6
34. Rb1 axb5 35. Rxb5 Rb8 36. Ba5 Ba7 37. Rxb8+ Bxb8 38. Kd3 Ke7 39. Bb6 Kd7
40. Kc4 Kc6 41. Bxc5 h5 42. f4 g5 43. fxg5 fxg5 44. Be3 g4 45. a4 Bc7 46. Kb4
Bd8 47. a5 h4 48. a6 h3 49. a7 Kb7 50. Kb5 Bc7 51. Bf2 Be5 52. a8=Q+ Kxa8 53.
Kc6 Bg7 54. Kd6 e5 55. Ke6 Kb7 56. Kf5 Kc6 57. Kxg4 Kb5 58. Kxh3 Kc4 59. Kg4
Kd3 60. Kf3 1-0